00646nam a2200181 i 450000100060000000300090000600700030001500800410001810000310005924500630009026000620015330000270021549000290024283000370027185200200030899900170032895201190034580108ES-MaACLt|041026s1910 xxk ||||1| eng d1 aHibben, John Grier.96354014aThe Philosophy of the enlightenment / cJohn Grier Hibben. aLondon : b[s.n., c1910] (eNew York : fScribner Press) aXII, 312 p. ; c21 cm.1 aThe epodes of philosophy0 aThe epodes of philosophy9231477 aES-MaACLjC-737 c80108d80108 00104070aATENEOMbATENEOMcSPALd2008-01-17eSCl0oC-737p1083757r2023-02-23 00:00:00w2023-02-23yMONOGRAFIA